[Event "Titled Tuesday intern op 04th Feb Early"]
[Site "Chess.com INT"]
[Date "2025.02.04"]
[Round "1"]
[White "Sharifov, Mekhriddin"]
[Black "Noy, Eyal"]
[Result "0-1"]
[WhiteElo "2267"]
[BlackElo "2301"]
[PlyCount "68"]
[EventDate "2025.02.04"]
[EventType "swiss (blitz)"]
[EventRounds "11"]
[EventCountry "USA"]
[SourceTitle "CB07_2025"]
[SourceDate "2025.02.12"]
[SourceVersion "1"]
[SourceVersionDate "2025.02.12"]
[SourceQuality "1"]

1. e4 c5 2. Nf3 e6 3. c3 Nf6 4. e5 Nd5 5. d4 cxd4 6. cxd4 d6 7. Bc4 Nc6 8. 0-0 Be7 9. Re1 0-0 10. a3 b6 11. Bd3 Bb7 12. b4 Rc8 13. Bb2 dxe5 14. dxe5 Qc7 15. Nbd2 Rfd8 16. Rc1 a6 17. Bb1 Nf4 18. Qb3 Qd7 19. Nc4 Qc7 20. Qe3 Nd5 21. Qe4 g6 22. h4 Qb8 23. h5 b5 24. hxg6 hxg6 25. Qg4 Kg7 26. Nd6 Bxd6 27. exd6+ Kf8 28. Rxe6 fxe6 29. Qxg6 Rd7 30. Qh6+ Ke8 31. Bg6+ Rf7 32. Qh8+ Kd7 33. Qh3 Rxf3 34. Bf7 Rxh3 0-1

[Event "Titled Tuesday intern op 04th Feb Early"]
[Site "Chess.com INT"]
[Date "2025.02.04"]
[Round "10"]
[White "Wyss, Jonas"]
[Black "Sharifov, Mekhriddin"]
[Result "0-1"]
[WhiteElo "2274"]
[BlackElo "2267"]
[PlyCount "68"]
[EventDate "2025.02.04"]
[EventType "swiss (blitz)"]
[EventRounds "11"]
[EventCountry "USA"]
[SourceTitle "CB07_2025"]
[SourceDate "2025.02.12"]
[SourceVersion "1"]
[SourceVersionDate "2025.02.12"]
[SourceQuality "1"]

1. e4 c6 2. Nf3 d5 3. Nc3 Bg4 4. h3 Bxf3 5. Qxf3 e6 6. Be2 Nf6 7. 0-0 d4 8. Nb1 Bd6 9. a4 Nbd7 10. Na3 Ne5 11. Qb3 Nxe4 12. Qxb7 Nc5 13. Qb4 a5 14. Qxd4 Nf3+ 15. Bxf3 Bh2+ 16. Kxh2 Qxd4 17. Bxc6+ Ke7 18. Bxa8 Rxa8 19. d3 Nxa4 20. Nc4 Qd7 21. b3 Nc3 22. Nb6 Qc7+ 23. g3 Qxb6 24. Bd2 Rc8 25. Rfe1 h5 26. Re5 Qxf2+ 27. Kh1 Qf3+ 28. Kh2 Qf2+ 29. Kh1 Qxd2 30. Rexa5 Ne4 31. dxe4 Rxc2 32. Ra7+ Kf6 33. Rf1+ Kg6 34. Rfxf7 Qh2# 0-1

[Event "Titled Tuesday intern op 28th Jan Early"]
[Site "Chess.com INT"]
[Date "2025.01.28"]
[Round "1"]
[White "Kozlov, Gennady"]
[Black "Sharifov, Mekhriddin"]
[Result "1-0"]
[WhiteElo "2413"]
[BlackElo "2267"]
[PlyCount "67"]
[EventDate "2025.01.28"]
[EventType "swiss (blitz)"]
[EventRounds "11"]
[EventCountry "USA"]
[SourceTitle "CB06_2025"]
[SourceDate "2025.02.05"]
[SourceVersion "1"]
[SourceVersionDate "2025.02.05"]
[SourceQuality "1"]

1. b3 Nf6 2. Bb2 g6 3. e3 Bg7 4. f4 0-0 5. Nf3 d6 6. Be2 c5 7. 0-0 b6 8. a4 a6 9. Na3 Bb7 10. Rb1 Nbd7 11. d3 Qc7 12. Qd2 e5 13. fxe5 dxe5 14. e4 Ng4 15. Qg5 h5 16. h3 Bh6 17. Qh4 Ne3 18. Bc1 Qd8 19. Qf2 Nxf1 20. Bxh6 Re8 21. Rxf1 Re6 22. Qg3 Qe7 23. Bg5 Qf8 24. Nh4 Qg7 25. Nc4 b5 26. axb5 axb5 27. Ne3 Ra2 28. Bxh5 f5 29. Nexf5 gxf5 30. Nxf5 Qh7 31. Bh6+ Kh8 32. Bg7+ Kg8 33. Nh6+ Rxh6 34. Bf7# 1-0

[Event "Titled Tuesday intern op 24th Oct Early"]
[Site "Chess.com INT"]
[Date "2023.10.24"]
[Round "4"]
[White "Krivenko, Dion"]
[Black "Sharifov, Mekhriddin"]
[Result "0-1"]
[WhiteElo "2234"]
[BlackElo "2172"]
[PlyCount "106"]
[EventDate "2023.10.24"]
[EventType "swiss (blitz)"]
[EventRounds "11"]
[EventCountry "USA"]
[SourceTitle "EXT 2025"]
[Source "ChessBase"]
[SourceDate "2024.10.14"]
[SourceVersion "1"]
[SourceVersionDate "2024.10.14"]
[SourceQuality "1"]

1. f4 g6 2. Nf3 Bg7 3. g3 d5 4. Bg2 c5 5. 0-0 Nc6 6. d3 Nf6 7. Nc3 0-0 8. e4 Bg4 9. e5 Ne8 10. h3 Bxf3 11. Qxf3 e6 12. Ne2 Rc8 13. c3 b5 14. g4 b4 15. Qf2 Qa5 16. h4 f6 17. exf6 Nxf6 18. g5 Nh5 19. Bf3 Qb5 20. Bxh5 gxh5 21. Qf3 Ne5 22. Qxh5 Nxd3 23. Ng3 bxc3 24. bxc3 Bxc3 25. g6 Qd7 26. Rb1 Bd4+ 27. Kh2 Qg7 28. f5 hxg6 29. Qe2 Nxc1 30. Qxe6+ Qf7 31. Rfxc1 Qxe6 32. fxe6 Rce8 33. Rb7 Rxe6 34. Rxa7 Rf2+ 35. Kh3 Rf3 36. Kg4 Ree3 37. Nf1 Rd3 38. Rb1 Rf8 39. Kg5 Rdf3 40. Kxg6 Rxf1 41. Rxf1 Rxf1 42. h5 Rg1+ 43. Kf5 Rg7 44. Ra8+ Kh7 45. Ke6 Rg5 46. Ra7+ Kh6 47. Rd7 c4 48. Rxd5 Rxd5 49. Kxd5 c3 50. Kxd4 c2 51. a4 c1Q 52. a5 Qc7 53. a6 Qa7+ 0-1

[Event "Titled Tuesday intern op 24th Oct Early"]
[Site "Chess.com INT"]
[Date "2023.10.24"]
[Round "5"]
[White "Sharifov, Mekhriddin"]
[Black "Ashraf, Artin"]
[Result "0-1"]
[WhiteElo "2172"]
[BlackElo "2340"]
[PlyCount "150"]
[EventDate "2023.10.24"]
[EventType "swiss (blitz)"]
[EventRounds "11"]
[EventCountry "USA"]
[SourceTitle "EXT 2025"]
[Source "ChessBase"]
[SourceDate "2024.10.14"]
[SourceVersion "1"]
[SourceVersionDate "2024.10.14"]
[SourceQuality "1"]

1. e4 g6 2. d4 Bg7 3. Nc3 d6 4. h3 a6 5. a4 Nf6 6. Nf3 0-0 7. Bc4 b6 8. 0-0 e6 9. Bg5 h6 10. Bf4 Bb7 11. Re1 Nxe4 12. Nxe4 d5 13. Bd3 dxe4 14. Bxe4 Bxe4 15. Rxe4 Nc6 16. c3 Qd7 17. Qc2 Rad8 18. Rae1 Ne7 19. Ne5 Qc8 20. Qc1 Kh7 21. R4e2 c5 22. dxc5 Qxc5 23. b4 Qc8 24. c4 Nc6 25. Nxc6 Qxc6 26. b5 axb5 27. axb5 Qb7 28. c5 bxc5 29. Qxc5 Rd5 30. Qc6 Rxb5 31. Qxb7 Rxb7 32. g4 Rc8 33. Kg2 Bf6 34. Be5 Be7 35. Rd1 g5 36. Rd3 Kg6 37. Rf3 Rc5 38. Rd3 h5 39. Bd6 Bxd6 40. Rxd6 Rc4 41. gxh5+ Kxh5 42. Rd8 Kg6 43. Ra2 Rh4 44. Ra3 Rf4 45. Rf3 Rxf3 46. Kxf3 Rb3+ 47. Kg2 Kf5 48. Rd7 f6 49. Rf7 Ke5 50. Rg7 Kf4 51. Rg6 Ke5 52. Rg8 Rb5 53. Rg7 Kf4 54. Rg6 Rf5 55. Rh6 e5 56. Rh8 e4 57. Rh6 Ke5 58. Rh8 Rf3 59. Re8+ Kf4 60. Re6 f5 61. Re8 e3 62. fxe3+ Rxe3 63. Rf8 Re2+ 64. Kf1 Rh2 65. Rh8 g4 66. h4 Kg3 67. h5 Rh1+ 68. Ke2 f4 69. h6 f3+ 70. Ke3 f2 71. Rf8 Re1+ 72. Kd2 f1Q 73. Rxf1 Rxf1 74. h7 Rh1 75. h8Q Rxh8 0-1

[Event "Titled Tuesday intern op 24th Oct Early"]
[Site "Chess.com INT"]
[Date "2023.10.24"]
[Round "8"]
[White "Sharifov, Mekhriddin"]
[Black "Beerdsen, Thomas"]
[Result "0-1"]
[WhiteElo "2172"]
[BlackElo "2496"]
[PlyCount "62"]
[EventDate "2023.10.24"]
[EventType "swiss (blitz)"]
[EventRounds "11"]
[EventCountry "USA"]
[SourceTitle "EXT 2025"]
[Source "ChessBase"]
[SourceDate "2024.10.14"]
[SourceVersion "1"]
[SourceVersionDate "2024.10.14"]
[SourceQuality "1"]

1. e4 e5 2. Nc3 Nf6 3. f4 d5 4. fxe5 Nxe4 5. Qf3 Nc6 6. Bb5 Nxc3 7. dxc3 Bc5 8. Bf4 Qh4+ 9. g3 Qe7 10. 0-0-0 0-0 11. Qxd5 Be6 12. Qe4 Rfd8 13. Nf3 Bg4 14. h3 Bh5 15. Bxc6 Bg6 16. Qa4 bxc6 17. Qxc6 h6 18. e6 Bb6 19. exf7+ Bxf7 20. Kb1 Be8 21. Qc4+ Bf7 22. Qc6 Be8 23. Qc4+ Bf7 24. Qa4 Rxd1+ 25. Rxd1 Qe2 26. Re1 Qxf3 27. Qd7 Bg6 28. b3 Qxc3 29. Rc1 Kh7 30. h4 Re8 31. Qd5 Re2 0-1

[Event "Titled Tuesday intern op 24th Oct Early"]
[Site "Chess.com INT"]
[Date "2023.10.24"]
[Round "3"]
[White "Sharifov, Mekhriddin"]
[Black "Buchenau, Frank"]
[Result "1-0"]
[WhiteElo "2172"]
[BlackElo "2135"]
[PlyCount "67"]
[EventDate "2023.10.24"]
[EventType "swiss (blitz)"]
[EventRounds "11"]
[EventCountry "USA"]
[SourceTitle "EXT 2025"]
[Source "ChessBase"]
[SourceDate "2024.10.14"]
[SourceVersion "1"]
[SourceVersionDate "2024.10.14"]
[SourceQuality "1"]

1. e4 e6 2. d4 d5 3. Nd2 c5 4. exd5 Qxd5 5. Ngf3 cxd4 6. Bc4 Qd6 7. 0-0 Nf6 8. Nb3 Nc6 9. Nbxd4 Nxd4 10. Nxd4 a6 11. Be2 Qc7 12. Bf3 Bd6 13. g3 h6 14. Qe2 0-0 15. c4 e5 16. Nb3 Be6 17. Nd2 Rfe8 18. b3 Bc5 19. Bb2 Bd4 20. Ne4 Nxe4 21. Bxe4 f5 22. Bg2 Rad8 23. Rad1 Bxb2 24. Qxb2 b5 25. cxb5 axb5 26. Rc1 Qd6 27. Bc6 Rf8 28. Bxb5 f4 29. Rc6 Qd5 30. Rxe6 Qxe6 31. Bc4 Rd5 32. Re1 e4 33. Qe2 Re8 34. Qxe4 1-0

[Event "Titled Tuesday intern op 03rd Jan Early"]
[Site "Chess.com INT"]
[Date "2023.01.03"]
[Round "7"]
[White "Sharifov, Mekhriddin"]
[Black "Starozhilov, Leonid"]
[Result "1/2-1/2"]
[WhiteElo "2209"]
[BlackElo "2293"]
[PlyCount "116"]
[EventDate "2023.01.03"]
[EventType "swiss (blitz)"]
[EventRounds "11"]
[EventCountry "USA"]
[SourceTitle "EXT 2024"]
[Source "ChessBase"]
[SourceDate "2023.10.10"]
[SourceVersion "1"]
[SourceVersionDate "2023.10.10"]
[SourceQuality "1"]

1. e4 g6 2. d4 Bg7 3. Nc3 d6 4. f4 Nf6 5. Nf3 0-0 6. Bd3 Na6 7. 0-0 c5 8. e5 Nd7 9. exd6 cxd4 10. Nb5 exd6 11. Nbxd4 Nac5 12. Kh1 Nxd3 13. Qxd3 Nc5 14. Qd1 Bg4 15. c3 Ne4 16. Be3 Re8 17. Bg1 h5 18. Qd3 h4 19. Rae1 d5 20. Ne5 Bxe5 21. fxe5 Rxe5 22. Nf3 Rf5 23. Bd4 h3 24. g3 Qd6 25. Nh4 Rxf1+ 26. Rxf1 Re8 27. Qe3 g5 28. Nf5 Bxf5 29. Rxf5 f6 30. Qf3 Re6 31. Qh5 Kg7 32. Qxh3 Qa6 33. Qf1 Qc6 34. Qf3 Kg6 35. h4 Qc4 36. Kg2 Qxa2 37. hxg5 Qxb2+ 38. Kg1 Qc1+ 39. Kg2 Qd2+ 40. Kg1 fxg5 41. Rxd5 Qe1+ 42. Kg2 Nf6 43. Qf5+ Kf7 44. Rd7+ Ke8 45. Rxb7 Qe2+ 46. Bf2 Qe4+ 47. Qxe4 Rxe4 48. Rxa7 Re2 49. Ra8+ Kf7 50. Kf3 Rc2 51. Ra7+ Ke6 52. Rc7 Nd5 53. Rc6+ Kd7 54. Rc5 Rxc3+ 55. Rxc3 Nxc3 56. Kg4 Ne4 57. Be3 Ke6 58. Bxg5 Nxg3 1/2-1/2

[Event "Titled Tuesday intern op 27th Dec Early"]
[Site "Chess.com INT"]
[Date "2022.12.27"]
[Round "10"]
[White "Galchenko, Matvey"]
[Black "Sharifov, Mekhriddin"]
[Result "1-0"]
[WhiteElo "2442"]
[BlackElo "2209"]
[PlyCount "67"]
[EventDate "2022.12.27"]
[EventType "swiss (blitz)"]
[EventRounds "11"]
[EventCountry "USA"]
[SourceTitle "EXT 2024"]
[Source "ChessBase"]
[SourceDate "2023.10.10"]
[SourceVersion "1"]
[SourceVersionDate "2023.10.10"]
[SourceQuality "1"]

1. f4 g6 2. Nf3 Bg7 3. g3 d5 4. Bg2 c5 5. 0-0 Nc6 6. d3 Nh6 7. e4 dxe4 8. dxe4 0-0 9. c3 Bg4 10. Qe2 e5 11. h3 Bxf3 12. Qxf3 f5 13. Na3 Kh8 14. Be3 Qe7 15. Rae1 fxe4 16. Qxe4 Nf5 17. Bf2 exf4 18. Qxf4 Be5 19. Qc4 Qc7 20. Qxc5 Bxg3 21. Nb5 Bxf2+ 22. Rxf2 Qg3 23. Ref1 Rfe8 24. Rf3 Qe5 25. Qxe5+ Rxe5 26. c4 Rd8 27. Nc3 Rd4 28. b3 Nb4 29. Rf4 Rd3 30. R4f3 Rd2 31. R1f2 Rxf2 32. Rxf2 Nd3 33. Rd2 Re1+ 34. Kh2 1-0

[Event "Titled Tuesday intern op 27th Dec Early"]
[Site "Chess.com INT"]
[Date "2022.12.27"]
[Round "2"]
[White "Savic, Miroslav"]
[Black "Sharifov, Mekhriddin"]
[Result "0-1"]
[WhiteElo "2167"]
[BlackElo "2209"]
[PlyCount "96"]
[EventDate "2022.12.27"]
[EventType "swiss (blitz)"]
[EventRounds "11"]
[EventCountry "USA"]
[SourceTitle "EXT 2024"]
[Source "ChessBase"]
[SourceDate "2023.10.10"]
[SourceVersion "1"]
[SourceVersionDate "2023.10.10"]
[SourceQuality "1"]

1. Nf3 Nf6 2. c4 c6 3. Nc3 d5 4. d4 dxc4 5. a4 Bf5 6. e3 e6 7. Bxc4 Bb4 8. 0-0 Nbd7 9. Qe2 Bg4 10. h3 Bxf3 11. Qxf3 0-0 12. Rd1 Qa5 13. e4 e5 14. d5 Nc5 15. Bg5 Ncd7 16. dxc6 bxc6 17. Rd3 Bxc3 18. bxc3 Qc5 19. Ba2 h6 20. Be3 Qa5 21. Rd6 Qxc3 22. Rad1 Qa3 23. Bb1 Rab8 24. Bxa7 Qxf3 25. gxf3 Rb7 26. Be3 Ra8 27. Bc2 Rb2 28. Rxc6 Kh7 29. Rcd6 Rxc2 30. Rxd7 Nxd7 31. Rxd7 f6 32. Kg2 Rxa4 33. h4 Ra3 34. Kg3 h5 35. Rb7 Ra1 36. Kg2 Ra3 37. Kg3 Rd3 38. Rf7 Kg6 39. Ra7 Rd1 40. Kg2 Re1 41. Kg3 Rg1+ 42. Kh2 Rf1 43. Kg2 Rb1 44. Kg3 Re2 45. Kg2 Ree1 46. Rc7 Rg1+ 47. Kh2 Rh1+ 48. Kg3 Rbg1# 0-1

[Event "Titled Tuesday intern op 20th Dec Early"]
[Site "Chess.com INT"]
[Date "2022.12.20"]
[Round "6"]
[White "Sharifov, Mekhriddin"]
[Black "Harsha, Bharathakoti"]
[Result "0-1"]
[WhiteElo "2209"]
[BlackElo "2593"]
[PlyCount "94"]
[EventDate "2022.12.20"]
[EventType "swiss (blitz)"]
[EventRounds "11"]
[EventCountry "USA"]
[SourceTitle "EXT 2024"]
[Source "ChessBase"]
[SourceDate "2023.10.10"]
[SourceVersion "1"]
[SourceVersionDate "2023.10.10"]
[SourceQuality "1"]

1. e4 c6 2. d4 d5 3. Nc3 dxe4 4. Nxe4 Nf6 5. Nxf6+ exf6 6. Bc4 Bd6 7. Qe2+ Qe7 8. Qxe7+ Kxe7 9. Ne2 Be6 10. Bd3 g6 11. 0-0 h5 12. Re1 Kf8 13. Bf4 Be7 14. Bxb8 Rxb8 15. Nf4 Bd7 16. c4 Bd6 17. Ne2 Kg7 18. Nc3 Rhd8 19. Be4 f5 20. Bf3 Re8 21. a3 Rxe1+ 22. Rxe1 Rd8 23. Rd1 Be7 24. d5 Bf6 25. dxc6 bxc6 26. Na4 Be6 27. Rxd8 Bxd8 28. b3 Be7 29. Bxc6 Bxa3 30. Kf1 Kf6 31. Ke2 Ke5 32. Kd3 h4 33. Kc3 a5 34. Kd3 g5 35. Bb7 f4 36. h3 Bf5+ 37. Kc3 Bb4+ 38. Kb2 Kd4 39. Bf3 Be4 40. Bxe4 Kxe4 41. Kc2 f3 42. gxf3+ Kxf3 43. c5 g4 44. c6 Bd6 45. Nc3 gxh3 46. Nb5 Bb8 47. Nd4+ Kxf2 0-1

[Event "Titled Tuesday intern op 20th Dec Early"]
[Site "Chess.com INT"]
[Date "2022.12.20"]
[Round "3"]
[White "Sharifov, Mekhriddin"]
[Black "Valle, Luis E"]
[Result "1-0"]
[WhiteElo "2209"]
[BlackElo "2268"]
[PlyCount "95"]
[EventDate "2022.12.20"]
[EventType "swiss (blitz)"]
[EventRounds "11"]
[EventCountry "USA"]
[SourceTitle "EXT 2024"]
[Source "ChessBase"]
[SourceDate "2023.10.10"]
[SourceVersion "1"]
[SourceVersionDate "2023.10.10"]
[SourceQuality "1"]

1. e4 c6 2. d4 d5 3. Nc3 dxe4 4. Nxe4 Nf6 5. Nxf6+ exf6 6. Bc4 Bd6 7. Qe2+ Qe7 8. Qxe7+ Kxe7 9. Ne2 Re8 10. 0-0 Nd7 11. Re1 Kf8 12. Bf4 Bxf4 13. Nxf4 Rxe1+ 14. Rxe1 Nb6 15. Bd3 Bd7 16. b3 h6 17. Kf1 Rd8 18. c3 Bg4 19. f3 Bc8 20. Ke2 Re8+ 21. Kd2 Rxe1 22. Kxe1 g5 23. Nh5 Ke7 24. Ng3 Nd5 25. Kd2 Nf4 26. Bf1 h5 27. Ne2 Nd5 28. c4 Nb6 29. Nc3 Bf5 30. Bd3 Bxd3 31. Kxd3 f5 32. a4 Nd7 33. b4 f6 34. d5 Kd6 35. Kd4 b6 36. dxc6 Kxc6 37. Nd5 Kd6 38. Ne3 Ke6 39. c5 bxc5+ 40. bxc5 Ne5 41. Nc2 Nc6+ 42. Kc4 Ne5+ 43. Kb5 g4 44. f4 Ng6 45. g3 h4 46. Nd4+ Kd5 47. Nxf5 h3 48. Ne3+ 1-0

[Event "Titled Tuesday intern op 20th Dec Early"]
[Site "Chess.com INT"]
[Date "2022.12.20"]
[Round "10"]
[White "Vakhlamov, Igor L"]
[Black "Sharifov, Mekhriddin"]
[Result "1-0"]
[WhiteElo "2413"]
[BlackElo "2209"]
[PlyCount "155"]
[EventDate "2022.12.20"]
[EventType "swiss (blitz)"]
[EventRounds "11"]
[EventCountry "USA"]
[SourceTitle "EXT 2024"]
[Source "ChessBase"]
[SourceDate "2023.10.10"]
[SourceVersion "1"]
[SourceVersionDate "2023.10.10"]
[SourceQuality "1"]

1. e4 c5 2. Nf3 d6 3. Nc3 a6 4. g3 Nf6 5. Bg2 g6 6. 0-0 Bg7 7. Re1 0-0 8. e5 dxe5 9. Nxe5 Nbd7 10. Nc4 Rb8 11. d3 b5 12. Ne5 Nxe5 13. Rxe5 Bb7 14. Bxb7 Rxb7 15. Qf3 Rb6 16. Bf4 Nd7 17. Re2 e6 18. h4 Qa8 19. Qxa8 Rxa8 20. Rb1 Nf6 21. Be5 Rc8 22. b3 h5 23. a4 b4 24. Ne4 Nd5 25. Bxg7 Kxg7 26. Rbe1 Rbc6 27. Kg2 a5 28. f3 Ne7 29. g4 Nd5 30. Kg3 Rh8 31. Nd2 Nb6 32. Re5 Kf6 33. Rxc5 Rxc5 34. Ne4+ Ke7 35. Nxc5 Rc8 36. d4 Nd7 37. Nxd7 Kxd7 38. gxh5 gxh5 39. Re2 Kd6 40. Kf4 f6 41. Ke4 Rc3 42. Rg2 Rc8 43. Rg6 f5+ 44. Kd3 Rc3+ 45. Kd2 Rxf3 46. Rg5 Kd5 47. Rxh5 Kxd4 48. Rh8 Rf2+ 49. Ke1 Rh2 50. Ra8 Ke3 51. Kf1 Rxh4 52. Rxa5 Kf3 53. Ke1 Re4+ 54. Kd2 e5 55. Rd5 Kf4 56. a5 Re3 57. a6 Rh3 58. Rb5 Rh8 59. Rxb4+ Kf3 60. Rb5 Rd8+ 61. Ke1 Kf4 62. a7 Ra8 63. Ra5 e4 64. b4 Kg4 65. b5 f4 66. b6 Kf3 67. b7 Rh8 68. a8Q Rh1+ 69. Kd2 e3+ 70. Kc3 Kf2 71. b8Q f3 72. Qf4 Rh3 73. Re5 e2 74. Qe3+ Kg2 75. Kd2 Kh2 76. Qf2+ Kh1 77. Qa1+ e1Q+ 78. Qaxe1# 1-0

[Event "Titled Tuesday intern op 29th Nov Early"]
[Site "Chess.com INT"]
[Date "2022.11.29"]
[Round "1"]
[White "Fernandez Siles, Luis"]
[Black "Sharifov, Mekhriddin"]
[Result "1-0"]
[WhiteElo "2220"]
[BlackElo "2209"]
[PlyCount "151"]
[EventDate "2022.11.29"]
[EventType "swiss (blitz)"]
[EventRounds "11"]
[EventCountry "USA"]
[SourceTitle "EXT 2024"]
[Source "ChessBase"]
[SourceDate "2023.10.10"]
[SourceVersion "1"]
[SourceVersionDate "2023.10.10"]
[SourceQuality "1"]

1. d4 Nf6 2. c4 c6 3. Nc3 d5 4. cxd5 cxd5 5. Bf4 Nc6 6. e3 Bf5 7. Qb3 Qb6 8. Qxb6 axb6 9. Bb5 e6 10. Nf3 Bb4 11. 0-0 0-0 12. Rfc1 Rfc8 13. a3 Bxc3 14. Rxc3 Ne4 15. Rcc1 Na5 16. Rc7 Nb3 17. Rd1 Rxc7 18. Bxc7 Rc8 19. Ba4 Rxc7 20. Bxb3 f6 21. Nd2 Nxd2 22. Rxd2 Rc1+ 23. Rd1 Rxd1+ 24. Bxd1 Kf7 25. f3 e5 26. Bb3 Be6 27. Kf2 Ke7 28. Ke2 Kd6 29. Kd3 Bd7 30. dxe5+ fxe5 31. f4 Bb5+ 32. Kd2 Bf1 33. g3 Bg2 34. Bc2 h6 35. b4 Bf3 36. Kc3 Bg2 37. Bd1 Bf1 38. Bb3 Bb5 39. Bc2 Bf1 40. Bb3 Bh3 41. Bc2 Bg4 42. Bb3 Bf3 43. Bc2 g5 44. fxg5 hxg5 45. h4 g4 46. Bg6 Ke7 47. a4 Kf6 48. Be8 Bd1 49. a5 bxa5 50. bxa5 Be2 51. Kb4 Ba6 52. Kc5 d4 53. exd4 e4 54. Ba4 Be2 55. Bc2 e3 56. d5 Ke7 57. d6+ Kd8 58. h5 Bf3 59. Bd3 Be4 60. Be2 Bf3 61. h6 Be4 62. Bxg4 Bh7 63. Be2 Bg6 64. Bg4 Bh7 65. Kd4 e2 66. Bxe2 Kd7 67. Kc5 Kd8 68. g4 Bg6 69. g5 Bh7 70. Bh5 b6+ 71. axb6 Kd7 72. g6 Bg8 73. h7 Be6 74. h8Q Bg8 75. Qg7+ Ke6 76. Bg4# 1-0

[Event "Titled Tuesday intern op 29th Nov Early"]
[Site "Chess.com INT"]
[Date "2022.11.29"]
[Round "10"]
[White "Ovchinnikov, Vsevolod"]
[Black "Sharifov, Mekhriddin"]
[Result "1/2-1/2"]
[WhiteElo "2426"]
[BlackElo "2209"]
[PlyCount "137"]
[EventDate "2022.11.29"]
[EventType "swiss (blitz)"]
[EventRounds "11"]
[EventCountry "USA"]
[SourceTitle "EXT 2024"]
[Source "ChessBase"]
[SourceDate "2023.10.10"]
[SourceVersion "1"]
[SourceVersionDate "2023.10.10"]
[SourceQuality "1"]

1. Nf3 a6 2. e4 c5 3. c3 d5 4. exd5 Qxd5 5. d4 Nf6 6. Be3 Nc6 7. Nbd2 cxd4 8. cxd4 Bg4 9. Bc4 Bxf3 10. Qxf3 Qxf3 11. Nxf3 e6 12. 0-0 Be7 13. Rfd1 Nb4 14. Rac1 0-0 15. a3 Nbd5 16. Bd2 Rac8 17. Bd3 h6 18. Kf1 Rfd8 19. Rxc8 Rxc8 20. Rc1 Rd8 21. g3 Bd6 22. Ba5 Re8 23. Be1 Nd7 24. Nd2 Be7 25. f3 Bf6 26. Bf2 Rd8 27. Ne4 Be7 28. Nd2 g6 29. Nb3 Bg5 30. Rc2 Be3 31. Ke2 Bxf2 32. Kxf2 Rb8 33. Ke2 Kg7 34. Be4 N7f6 35. Bd3 Rd8 36. Na5 Rd7 37. Nb3 Ne8 38. Nc5 Rc7 39. Nb3 Nd6 40. Rxc7 Nxc7 41. Kd2 Kf6 42. Nc5 Ke7 43. Ne4 f5 44. Nc3 g5 45. Ke3 b5 46. Kd2 Kd7 47. Ke3 Nde8 48. Kd2 Nf6 49. Ke3 Ncd5+ 50. Kd2 Kd6 51. Ne2 Nb6 52. Nc3 Nfd5 53. Ne2 h5 54. Nc1 Na4 55. Kc2 Nab6 56. Kd2 Nf6 57. Ne2 Nfd7 58. Nc3 Nf6 59. Ne2 g4 60. Ke3 Nbd5+ 61. Kf2 gxf3 62. Kxf3 Ke7 63. h3 Kf7 64. Nf4 Nxf4 65. Kxf4 Kg6 66. Ke5 Kf7 67. Kf4 Kg7 68. Ke5 Kf7 69. Kf4 1/2-1/2

[Event "Titled Tuesday intern op 29th Nov Early"]
[Site "Chess.com INT"]
[Date "2022.11.29"]
[Round "9"]
[White "Sharifov, Mekhriddin"]
[Black "Kosakowski, Jakub"]
[Result "0-1"]
[WhiteElo "2209"]
[BlackElo "2475"]
[PlyCount "180"]
[EventDate "2022.11.29"]
[EventType "swiss (blitz)"]
[EventRounds "11"]
[EventCountry "USA"]
[SourceTitle "EXT 2024"]
[Source "ChessBase"]
[SourceDate "2023.10.10"]
[SourceVersion "1"]
[SourceVersionDate "2023.10.10"]
[SourceQuality "1"]

1. e4 c5 2. Nf3 d6 3. d4 cxd4 4. Nxd4 Nf6 5. Nc3 a6 6. Bg5 e6 7. f4 h6 8. Bh4 Qb6 9. a3 Nbd7 10. Bf2 Qc7 11. Qf3 b5 12. 0-0-0 Bb7 13. Bd3 Be7 14. Rhe1 Nc5 15. Kb1 Rc8 16. Qg3 g5 17. fxg5 hxg5 18. h3 Nh5 19. Qg4 Nf4 20. g3 Ng6 21. h4 Ne5 22. Qe2 gxh4 23. gxh4 Bxh4 24. Bxh4 Rxh4 25. Qg2 Rg4 26. Qh3 Ke7 27. Rf1 Rcg8 28. Qh5 Ncxd3 29. cxd3 Qb6 30. Nf3 Nxf3 31. Rxf3 f5 32. Rff1 f4 33. e5 R4g5 34. Qh4 b4 35. axb4 Qxb4 36. Rxf4 Qc5 37. exd6+ Kxd6 38. Rc4 Qe5 39. Ne4+ Bxe4 40. dxe4+ Ke7 41. Rdc1 Kf6 42. Rc5 Qg3 43. Qh6+ R5g6 44. Rf1+ Ke7 45. Qh7+ R8g7 46. Qh8 Qd3+ 47. Ka2 Qxf1 48. Rc7+ Kd6 49. Qd8+ Ke5 50. Rc5+ Kxe4 51. Qa8+ Ke3 52. Rc3+ Kd2 53. Qe4 Rg3 54. Qc2+ Ke1 55. Qc1+ Kf2 56. Qd2+ Kg1 57. Rc1 Qxc1 58. Qxc1+ Kh2 59. Qd2+ Rg2 60. Qf4+ R7g3 61. Qe5 Rf2 62. Qxe6 Rgg2 63. Qe5+ Kh1 64. Ka3 a5 65. Qh5+ Kg1 66. Qc5 Rg3+ 67. b3 Kg2 68. Qxa5 Rff3 69. Qd5 Kh2 70. Ka4 Kh3 71. Qh5+ Kg2 72. Qd5 Rg4+ 73. b4 Kf2 74. Ka5 Ra3+ 75. Kb5 Rag3 76. Qd2+ Kf3 77. Ka6 Rg6+ 78. Ka5 Rg2 79. Qc3+ Ke4 80. b5 Kd5 81. Qd3+ Kc5 82. Qc3+ Kd5 83. Qb3+ Ke5 84. b6 Kd4 85. b7 R2g5+ 86. Ka4 Ra6+ 87. Kb4 Rb6+ 88. Ka4 Rxb3 89. b8Q Rxb8 90. Ka3 Ra5# 0-1

[Event "Titled Tuesday intern op 29th Nov Early"]
[Site "Chess.com INT"]
[Date "2022.11.29"]
[Round "4"]
[White "Sharifov, Mekhriddin"]
[Black "Mihailidis, Anastasios"]
[Result "1-0"]
[WhiteElo "2209"]
[BlackElo "2208"]
[PlyCount "163"]
[EventDate "2022.11.29"]
[EventType "swiss (blitz)"]
[EventRounds "11"]
[EventCountry "USA"]
[SourceTitle "EXT 2024"]
[Source "ChessBase"]
[SourceDate "2023.10.10"]
[SourceVersion "1"]
[SourceVersionDate "2023.10.10"]
[SourceQuality "1"]

1. e4 c5 2. Nf3 d6 3. d4 cxd4 4. Nxd4 Nf6 5. Nc3 g6 6. Be3 Bg7 7. f3 0-0 8. Bc4 Nc6 9. Qd2 Nxd4 10. Bxd4 Be6 11. Bxe6 fxe6 12. 0-0 Qa5 13. a3 Rac8 14. Qf2 Nd7 15. Rad1 Bxd4 16. Qxd4 Qc5 17. Qxc5 Nxc5 18. Kf2 Rfd8 19. Rd2 Kf7 20. h4 e5 21. Rfd1 Ke6 22. Nd5 Na4 23. c3 Nc5 24. Ke2 Nb3 25. Rd3 Nc5 26. R3d2 Nb3 27. Rd3 Nc5 28. Re3 Na4 29. Rd2 Nc5 30. Kd1 Nb3 31. Rf2 Na5 32. Rd3 Nb3 33. Kc2 Na1+ 34. Kb1 Nb3 35. Rd1 a5 36. Ka2 Nc5 37. h5 g5 38. Ne3 b5 39. Nf5 Na6 40. Rd5 Nc7 41. Rd3 Na6 42. b4 a4 43. Ne3 Nc7 44. c4 bxc4 45. Nxc4 Nb5 46. Nb6 Rc3 47. Rfd2 Rxd3 48. Rxd3 Nd4 49. Nxa4 Rc8 50. Rd2 Rc1 51. Nb2 Rh1 52. a4 Rxh5 53. a5 Rh1 54. a6 Rc1 55. Rd3 Rc7 56. Ra3 Nc2 57. Ra4 Ra7 58. b5 Kd7 59. b6 Rxa6 60. Rxa6 Nb4+ 61. Kb3 Nxa6 62. Ka4 Kc6 63. Ka5 Nc5 64. Nc4 Kb7 65. Kb5 Nb3 66. Ne3 Nd4+ 67. Ka5 Nb3+ 68. Kb4 Nd4 69. Nc4 Kc6 70. Ka5 Nb3+ 71. Kb4 Nc5 72. Ne3 Na6+ 73. Kc4 Nc5 74. Nd5 e6 75. Nc7 Kxb6 76. Ne8 Kc6 77. Nf6 h6 78. Ng8 h5 79. Nf6 h4 80. Nh7 g4 81. fxg4 Nxe4 82. g5 1-0